| 000 | 00842nam a2200181 a 4500 | ||
|---|---|---|---|
| 001 | 000017030 | ||
| 005 | 20200929165016.0 | ||
| 008 | 100316s1986 dr r 000 0 spa d | ||
| 040 |
_aDO-SdBNP _bspa _cBNPHU |
||
| 082 |
_axxxx _bxxxx |
||
| 111 | 2 |
_aSignificado y naturaleza de la educación rural. Consideraciones sobre su problemática lineamientos generales. Estrategia de acción / _d(1984 abr. 28 : _cSanto Domingo) _937586 |
|
| 245 | 1 | 0 |
_aGeneralidades sobre política de educación rural en la República Dominicana : _bdocumento básico para estudio y discusión / _cJaime A. Viñas Román. |
| 260 |
_aSanto Domingo : _bTaller, _bFUNDEJUR, _c1986. |
||
| 300 |
_a21 p. ; _c20 cm. |
||
| 504 | _aBibliografía : p. 21 | ||
| 700 | 1 |
_aViñas Román, Jaime A. _923796 |
|
| 710 | 2 |
_aFundación Nacional para el Desarrollo de la Juventud Rural _937587 |
|
| 999 |
_c16556 _d16556 |
||